| 000 | 00597nam a2200229Ia 4500 | ||
|---|---|---|---|
| 003 | OSt | ||
| 005 | 20221005120958.0 | ||
| 006 | a|||||r|||| 00| 0 | ||
| 007 | ta | ||
| 008 | 221004b |||||||| |||| 00| 0 kan d | ||
| 024 | _a61865 | ||
| 037 | _cTextual | ||
| 040 |
_aCRL _cCRL _bkan |
||
| 041 |
_2kan _akan |
||
| 082 | _aY31:7:7, 33L6 | ||
| 100 |
_aEeswaran Au. _9629911 |
||
| 245 | 0 | _aGameena bharatddalte samprayadaya mathu artheka vyavastha | |
| 260 | _c1976 | ||
| 650 | _aSOCIOLOGY | ||
| 942 |
_hY31:7:7, 33L6 _cTEXL _2cc |
||
| 999 |
_c1039745 _d1039745 |
||